000 00888nam a2200241 i 4500
001 187341
003 SpMaBN
005 20230906222904.0
008 170609s1980 sp abf |||| | spa d
020 _a84-03-54019-1
080 _a572.1/.4
100 1 _aLeakey, Richard E.
_970957
245 1 4 _aLos orígenes del hombre
_b: la aparición de nuestra especie y su posible futuro a la luz de los más recientes descubrimientos /
_cRichard E. Leakey y Roger Lewin.
250 _a1ª ed.
260 _aMadrid :
_bAguilar,
_c1980.
300 _a265 p. :
_bil. col. y n., fot., mapas ;
_c25 cm.
500 _aÍndice.
504 _aBibliografía: p. 257.
650 0 7 _aHombre-
_xOrigen.
_913452
650 4 _aEvolución humana.
_912627
700 1 _aLewin, Roger.
_972033
852 _aES-MaACL
_jL-31692
_z- enc. cart.
_z. - Donat. herederos de la bibl. de Mª del Pilar Costa Palacín
999 _c187341
_d187341